Avatar - Navi Clans - Statistics

General Stats
  • This quiz has been taken 35 times
  • The average score is 4 of 12
Answer Stats
Hint Answer % Correct
Blue Flute clan Omatikaya
84%
Oceanic clan, main village is Awa'atlu Metkayina
71%
Ash people Mangkwan
61%
Kinglor Forest clan Aranahe
39%
An extinct clan founded by Entu, the first Toruk Makto Sarentu
35%
Clan of healers living in the Clouded Forest Kame'tire
29%
Ikran People of the Eastern Sea Tayrangi
26%
Horse clan of the Plains Olangi
23%
Windtraders Tlalim
19%
Oceanic clan briefly shown in ATWOW Ta'unui
16%
Sky Seer clan Tawkami
13%
Clan of Silent War Tipani
10%
No matching quizzes found
Score Distribution
Percent of People with Each Score
Percentile by Number Answered
Your Score History
You have not taken this quiz